| 000 | 00000nam##2200000za#4500 |
| 001 | 9.578971 |
| 003 | CaOODSP |
| 005 | 20210624190335 |
| 007 | cr ||||||||||| |
| 008 | 150406|1992||||xxc|||||o f|0| 0 eng|d |
| 022 | |a1488-5379 |
| 040 | |aCaOODSP|beng |
| 043 | |an-cn--- |
| 086 | 1 |aFs97-6/1874E-PDF |
| 110 | 1 |aCanada. |bDepartment of Fisheries and Oceans. |
| 245 | 10|aProceedings of a workshop on the potential cumulative impacts of development in the Region of Hudson and James Bays 17-19 June 1992 / |h[electronic resource]|cedited by J.N. Bunch and R.R. Reeves. |
| 260 | |aOttawa - Ontario : |bFisheries and Oceans Canada |c1992. |
| 300 | |a45p.|bfig., references |
| 490 | 1 |aCanadian technical report of fisheries and aquatic sciences|x1488-5379|vNo. 1874 |
| 500 | |aOn t.p.: Physical and Chemical Sciences, Ottawa, Ontario. The catalogue number and ISSN for the print edition appear in the PDF version. |
| 546 | |a(Résumé en français) |
| 590 | |a14-05-Supp|b2014-02-26 |
| 720 | 1 |aReeves, R. R. |
| 720 | 1 |aBunch, J. N. |
| 830 | #0|aCanadian technical report of fisheries and aquatic sciences,|x1488-5379|vNo. 1874|w(CaOODSP)9.504449 |
| 856 | 40|ahttp://publications.gc.ca|qPDF|s3504 KB|uhttps://publications.gc.ca/collections/collection_2014/mpo-dfo/Fs97-6-1874-eng.pdf|yNo. 1874 |